Sustainability accounting and accountability

Bibliographic Details
Other Authors: Bebbington, Jan, O'Dwyer, Brendan, Unerman, Jeffrey
Format: Book
Language:English
Published: London : Routledge , 2007
Subjects:

MARC

LEADER 00000cam a2200000 7i4500
001 0000020437
005 20090107.0
008 081022s -usa i eng
020 |a 9780415384896 
040 |a INS 
090 0 0 |a HD60.35.U64   |b S97 2007 
245 0 0 |a Sustainability accounting and accountability   |c edited by Jeffrey Unerman, Jan Bebbington and Brendan O'Dwyer 
260 |a London :   |b Routledge ,   |c 2007 
300 |a xix, 362p. :   |b ill. ;   |c 23cm. 
500 |a Includes index 
650 0 0 |a Social accounting 
650 0 0 |a Sustainable development reporting 
700 1 |a Bebbington, Jan 
700 1 |a O'Dwyer, Brendan 
700 1 |a Unerman, Jeffrey 
999 |a 0000020209   |b BOOK   |c Open Shelf   |e Default branch